Statistics for Liverpool 2010's Starting XI

Click here to take the quiz!

General Stats

  • This quiz has been taken 245 times
  • The average score is 33 of 46

Answer Stats

Player % Correct
Sadio Mané
99%
Alisson
99%
Mohamed Salah
99%
Roberto Firmino
98%
Jordan Henderson
98%
Andrew Robertson
98%
Virgil van Dijk
98%
Georginio Wijnaldum
96%
Luis Suarez
96%
Trent Alexander-Arnold
95%
Fabinho
95%
Dejan Lovren
94%
Simon Mignolet
94%
Loris Karius
91%
Joel Matip
91%
Pepe Reina
90%
Steven Gerrard
89%
Philippe Coutinho
87%
Martin Škrtel
86%
Daniel Sturridge
84%
Fernando Torres
83%
Emre Can
83%
James Milner
81%
Raheem Sterling
78%
Dirk Kuyt
72%
Alberto Moreno
69%
Jamie Carragher
68%
Nathaniel Clyne
67%
Adam Lallana
66%
Joe Gomez
64%
Lucas Leiva
64%
Joe Allen
64%
Daniel Agger
64%
Yossi Benayoun
61%
Glen Johnson
57%
Mamadou Sakho
57%
Javier Mascherano
53%
Andy Carroll
48%
José Enrique
39%
Raul Meireles
39%
Charlie Adam
38%
Maxi Rodriguez
34%
Jon Flanagan
27%
Steward Downing
26%
Emiliano Insua
19%
Paul Konchesky
16%

Score Distribution

Percentile by Number Answered

Percent of People with Each Score

Your Score History

You have not taken this quiz